01388cam a22003255a 450000100100000000500170001000800410002702000150006804000260008304100130010908200250012210000590014724501450020626000520035130000350040349000360043850001310047450400510060554600470065665000500070365000550075365100100080865300220081870000290084070000320086971000310090194200080093299900170094095201050095700956688720180121122635.0950502s1994 waua frb 001 0 eng d a0841225044 aUkcUkbengdEG-ScBUE1 aenghrus04222a620.1920423bGOL1 aGol'dman, A. I︠A︡.q(Anatoliĭ I︠A︡kovlevich)10aPrediction of the deformation properties of polymeric and composite materials /cA. Ya. Gol'dman ; translated by M. Shelef and R. A. Dickie. aWashington :bAmerican Chemical Society,c1994. axiii, 349 p. :bill. ;c24 cm.0 aACS professional reference book aTranslation of "Prognozirovanie deformat︠s︡ionno-prochnostnykh svoĭstv polimernykh i kompozit︠s︡ionnykh materialov". aIncludes bibliographical references and index. aText in English ; translator from Russian. 72BUEshaPolymersxMechanical properties.96993 7929104aComposite materialsxMechanical properties. 2BUEsh bGGENcJanuary20181 aShelef, M.,etranslator.1 aDickie, R. A.,etranslator.2 aAmerican Chemical Society. 2ddc c25970d25942 00102ddc4070aMAINbMAINc1STd2018-01-21l0o620.1920423 GOLp000047137r2025-07-15 00:00:00yBB